000
00325nam a22001337a 4500
005
20250901165819.0
008
250408b |||||||| |||| 00| 0 eng d
020
_a
9789966225634
050
_a
PR 9389.9 .N35 2007
245
_a
MAN FROM MACHAKOS
_c
MAILLU DAVID
260
_a
NAIROBI
_b
JKF
_c
2007
300
_a
149
942
_2
lcc
999
_c
9558
_d
9558